书目信息 |
| 题名: |
释迦牟尼全传
|
|
| 作者: | 李军 著 | |
| 分册: | ||
| 出版信息: | 长春 长春出版社 1995.02 |
|
| 页数: | 259页 | |
| 开本: | 20cm | |
| 丛书名: | 世界名人全传 | |
| 单 册: | ||
| 中图分类: | B949.935.1 | |
| 科图分类: | ||
| 主题词: | 佛教 | |
| 电子资源: | ||
| ISBN: | 7-80604-220-2 | |
| 000 | 00555nam0 2200205 450 | |
| 001 | 0754641448 | |
| 005 | 20070319151610.76 | |
| 010 | @a7-80604-220-2@dCNY22.00 | |
| 100 | @a20070319d1995 km y0chiy0120 ea | |
| 101 | 0 | @achi |
| 200 | 1 | @a释迦牟尼全传@Ashi jia mu ni quan chuan@f李军著@Fli jun zhu |
| 210 | @a长春@c长春出版社@d1995.02 | |
| 215 | @a259页@d20cm | |
| 225 | 2 | @a世界名人全传 |
| 410 | 0 | @12001 @a世界名人全传 |
| 606 | 0 | @a佛教 |
| 690 | @aB949.935.1@v3 | |
| 701 | 0 | @a李军@Ali jun@4著 |
| 801 | 0 | @aCN@c20070319 |
| 905 | @a10447@dB949.935.1@eL185 | |
| 释迦牟尼全传/李军著.-长春:长春出版社,1995.02 |
| 259页;20cm.-(世界名人全传) |
| ISBN 7-80604-220-2:CNY22.00 |
| ● |
| 相关链接 |
|
|
|
正题名:释迦牟尼全传
索取号:B949.935.1/L185
 
预约/预借
| 序号 | 登录号 | 条形码 | 馆藏地/架位号 | 状态 | 备注 |
| 1 | 446299 | 204462991 | 自科二线400A/400A自科库 11排2列1层/ [索取号:B949.935.1/L185] | 在馆 | |
| 2 | 446300 | 204463008 | 自科二线400A/400A自科库 11排2列2层/ [索取号:B949.935.1/L185] | 在馆 | |
| 3 | 446301 | 204463017 | 自科二线400A/400A自科库 11排2列1层/ [索取号:B949.935.1/L185] | 在馆 |